Lei de responsabilidade fiscal : (Record no. 460)

MARC details
000 -LÍDER
Campo Fixo de Controle 01068nam a2200289 a 4500
001 - NÚMERO DE CONTROLE
Campo de Controle 460
003 - IDENTIFICAÇÃO DO NÚMERO DE CONTROLE
Campo de Controle BR-CuiBMT
005 - DATA E HORA DA ÚLTIMA ATUALIZAÇÃO
Campo de Controle 20231129142343.0
008 - DADOS FIXOS
Dados Fixos 231107s2007 rjba 00| 0 eng d
020 ## - INTERNATIONAL STANDARD BOOK NUMBER
Nº do ISBN 9788535227543
040 ## - AGÊNCIA CATALOGADORA
Código da Agência Catalogadora BR-CuiBMT
Agência que transcreveu o registro BR-CuiBMT
080 ## - Nº DA CLASSIFICAÇÃO DECIMAL UNIVERSAL
Nº edição CDU 2007
Nº Class. CDU 351.72
Subd. Auxiliar Comum (079.1)
090 ## - NÚMERO DE CHAMADA
Nº classificação 351.72(079.1)
Cutter F475l
Ano/Edição 5. ed.
100 1# - ENTRADA PRINCIPAL -- AUTOR PESSOAL
Nome pessoal Figueirêdo, Carlos Maurício
245 10 - TÍTULO PRINCIPAL
Título principal Lei de responsabilidade fiscal :
Subtítulo teoria, jurisprudência e mias de 150 questões /
Indicação de responsabilidade Carlos Maurício Figueirêdo, Marcos Nóbrega.
250 ## - EDIÇÃO
Edição 5. ed., atual.
260 ## - PUBLICAÇÃO, DISTRIBUIÇÃO, ETC.
Local de publicação Rio de Janeiro :
Editora Elsevier,
Data 2007.
300 ## - DESCRIÇÃO FÍSICA
N. páginas ou volumes 180 p. :
Ilustrações il. ;
Dimensões 24 cm
490 1# - INDICAÇÃO DE SÉRIE
Título da série Série provas e concursos
500 ## - NOTAS GERAIS
Notas gerais Edição atualizada até a emenda nº 53/2006.
504 ## - NOTA DE BIBLIOGRAFIA, ETC.
Nota de bibliografia Inclui bibliografia.
650 ## - ASSUNTO TÓPICO
Cabeçalho tópico ou nome geográfico Responsabilidade fiscal
Subdivisão de forma Problemas e exercícios, etc.
Subdivisão geográfica Brasil
650 ## - ASSUNTO TÓPICO
Cabeçalho tópico ou nome geográfico Administração pública
Subdivisão de forma Problemas e exercícios, etc.
Subdivisão geral Responsabilidade tributária
Subdivisão geográfica Brasil
700 1# - ENTRADA SECUNDÁRIA -- NOME PESSOAL
Nome pessoal Nóbrega, Marcos,
Datas associadas ao nome 1969-
830 #0 - ENTRADA SECUNDÁRIA DE SÉRIE -- TÍTULO UNIFORME
Título uniforme Provas e concursos
942 ## - ELEMENTOS DE ENTRADA ADICIONAIS (KOHA)
Fonte de classificação ou esquema de arquivamento Classificação Decimal Universal
Tipo de item do Koha Livros
Holdings
Estado: removido Estado: perdido Fonte de classificação ou esquema de arquivamento Estado: danificado Indisponível para empréstimo Localização permanente Localização atual Data de aquisição Total Checkouts Número de Chamada completo Código de barras Date last seen Número do exemplar Preço efetivo a partir de Tipo de item (Koha)
    Classificação Decimal Universal     Biblioteca da Escola Superior de Contas do TCE/MT Biblioteca da Escola Superior de Contas do TCE/MT 07/11/2023   351.72(079.1) F475l 5. ed. BIBTCEMT23110197 06/11/2023 Ex. 1 07/11/2023 Livros

Powered by Koha